Death of a discipline (Record no. 11887)

MARC details
000 -LEADER
fixed length control field 00497 a2200193 4500
001 - CONTROL NUMBER
control field 139157
003 - CONTROL NUMBER IDENTIFIER
control field OSt
005 - DATE AND TIME OF LATEST TRANSACTION
control field 20211011102537.0
008 - FIXED-LENGTH DATA ELEMENTS--GENERAL INFORMATION
fixed length control field
020 ## - INTERNATIONAL STANDARD BOOK NUMBER
International Standard Book Number 9788170462590
082 ## - DEWEY DECIMAL CLASSIFICATION NUMBER
Classification number 809
Item number S49D
100 1# - MAIN ENTRY--PERSONAL NAME
Personal name Spivak, Gayatri Chakravorty
245 1# - TITLE STATEMENT
Title Death of a discipline
Statement of responsibility, etc by Gayatri Chakravorty Spivak
260 ## - PUBLICATION, DISTRIBUTION, ETC. (IMPRINT)
Place of publication, distribution, etc New Delhi
Name of publisher, distributor, etc Seagull Books
Date of publication, distribution, etc 2004
300 ## - PHYSICAL DESCRIPTION
Extent 128p.
630 ## - SUBJECT ADDED ENTRY--UNIFORM TITLE
Uniform title English
630 ## - SUBJECT ADDED ENTRY--UNIFORM TITLE
Uniform title Comparative literature
942 ## - ADDED ENTRY ELEMENTS (KOHA)
Source of classification or shelving scheme Dewey Decimal Classification
Koha item type Books
Holdings
Withdrawn status Lost status Source of classification or shelving scheme Damaged status Not for loan Collection code Home library Current library Date acquired Source of acquisition Cost, normal purchase price Full call number Barcode Date last seen Price effective from Koha item type
    Dewey Decimal Classification     General Text Book Central University Of Rajasthan Central University Of Rajasthan 12/03/2014 ENG 0.00 809 S49D 14829 21/11/2024 02/09/2020 Books